REPORTS OF COMPANY CASES INCLUDING CASES ON BANKING AND INSURENCE [VOL-42] (Record no. 7557)

MARC details
000 -LEADER
fixed length control field 00422nam a22001457a 4500
005 - DATE AND TIME OF LATEST TRANSACTION
control field 20210310164238.0
008 - FIXED-LENGTH DATA ELEMENTS--GENERAL INFORMATION
fixed length control field 210310b ||||| |||| 00| 0 eng d
082 ## - DEWEY DECIMAL CLASSIFICATION NUMBER
Classification number 346.066
100 ## - MAIN ENTRY--AUTHOR NAME
Personal name AIYAR, A.N.
245 ## - TITLE STATEMENT
Title REPORTS OF COMPANY CASES INCLUDING CASES ON BANKING AND INSURENCE [VOL-42]
260 ## - PUBLICATION, DISTRIBUTION, ETC. (IMPRINT)
Place of publication MADRAS
Name of publisher THE COMPANY LAW INSTITUTE OF INDIA
Year of publication 1972
300 ## - PHYSICAL DESCRIPTION
Number of Pages I-XIV, P
650 ## - SUBJECT ADDED ENTRY--TOPICAL TERM
Topical Term LAW
942 ## - ADDED ENTRY ELEMENTS (KOHA)
Koha item type Journals/Serial
Holdings
Lost status Damaged status Home library Current library Shelving location Date acquired Source of acquisition Full call number Accession Number Koha item type
    JRU Library JRU Library SHELF-34-B 10/03/2021 PURCHES 346.066 25206 Journals/Serial